Contabilidad y Negocios

Bibliographic Details
Format: Journal
Language:Spanish
Published: Lima : Pontificia Universidad Catolica del Per,︢ 2006-
Subjects:
Online Access:http://www.vlex.com/source/7174

MARC

LEADER 00000nas a22000007a 4500
005 20130315123933.0
007 cr|||| ||||
008 130315c20069999pe u|p s|||| 0|||b1spa d
022 |a 19921896  
035 |a 7174 
040 |a vLex 
090 |c 3933  |d 3933 
245 0 0 |a Contabilidad y Negocios  |h [Recurso electrn̤ico]  
256 |a Servicio en ln̕ea 
260 |a Lima :  |b Pontificia Universidad Catolica del Per,︢  |c 2006- 
300 |a 1 Recurso electrn̤ico 
506 |d vLex Global  |d vLex Global (Academic Edition, excluding Law Schools)  |d vLex Global (U.S. Academic Edition, Law Schools)  |d vLex Global (U.S. Academic Edition, excluding Law Schools)  |d vLex Global (Academic Edition, Law Schools) 
650 0 4 |a Administracin̤ (Management)  |v Revistas 
650 0 4 |a Economa̕  |v Revistas 
650 0 4 |a Contabilidad  |v Revistas 
740 |a vLex Revistas (Servicio en ln̕ea) 
856 |a Acceso restringido  |u http://www.vlex.com/source/7174 
942 |c REV 
999 0 |a Economics